=LDR 00000nam 2200000 4500 =001 NUTBA000000000000357 =005 20140321092543.0 =006 =007 =008 =020 ##$$a 979-22-4882-x =035 ##$$a 0010-031400000000356 =040 ##$$a Ind =082 ##$$a 813 =090 ##$$a 813$bBar m =100 ##$$a Tria Barmawi. =245 ##$$a Mencari ratce istana cinta$cTria barmawi =260 ##$$a Jakarta$bGramedia$c2009. =300 ##$$a 166 Hlm$c16 cm. =850 ##$$a NBPNMAT =990 ##$$a 21101586 =990 ##$$a 90977/BPAP-NTB/2014